ការដាំប៉េងប៉ោះ / (Record no. 8730)

MARC details
000 -LEADER
fixed length control field 01205nam a22002657a 4500
001 - CONTROL NUMBER
control field 8730
003 - CONTROL NUMBER IDENTIFIER
control field FISKH
005 - DATE AND TIME OF LATEST TRANSACTION
control field 20251014155759.0
008 - FIXED-LENGTH DATA ELEMENTS--GENERAL INFORMATION
fixed length control field 251014b cb ||||| |||| 00| 0 eng d
040 ## - CATALOGING SOURCE
Original cataloging agency FISKH
Language of cataloging khr
Transcribing agency FISKH
Modifying agency FISKH
082 ## - DEWEY DECIMAL CLASSIFICATION NUMBER
Classification number 635.96
100 ## - MAIN ENTRY--PERSONAL NAME
Personal name Chanthea, Nhem
245 ## - TITLE STATEMENT
Title ការដាំប៉េងប៉ោះ /
Statement of responsibility, etc. អ្នកនិពន្ធ ញ៉ែម ចន្ធា និង ហេង ម៉េង​
250 ## - EDITION STATEMENT
Edition statement Editions Sipar 2011
260 ## - PUBLICATION, DISTRIBUTION, ETC.
Place of publication, distribution, etc. Phnom Penh :
Name of publisher, distributor, etc. Sipar ,
Date of publication, distribution, etc. 2011.
300 ## - PHYSICAL DESCRIPTION
Extent 40 pages :
Other physical details color illustrations ;
Dimensions 28 cm .
490 ## - SERIES STATEMENT
Series statement ងាយៗពី ......
520 ## - SUMMARY, ETC.
Summary, etc. សៀវភៅនេះផ្តល់នូវសេចក្តីណែនាំជាក់ស្តែង និងងាយស្រួលយល់សម្រាប់ការដាំប៉េងប៉ោះឲ្យទទួលបានជោគជ័យ។
520 ## - SUMMARY, ETC.
Summary, etc. This book provides practical and easy-to-understand guidance on how to grow tomatoes successfully.
650 ## - SUBJECT ADDED ENTRY--TOPICAL TERM
Topical term or geographic name entry element ការដាំប៉េងប់ោះ
650 ## - SUBJECT ADDED ENTRY--TOPICAL TERM
Topical term or geographic name entry element How to grow tomatoes
700 ## - ADDED ENTRY--PERSONAL NAME
Personal name Sophaleap, Nhek
Relator term Illustrator
942 ## - ADDED ENTRY ELEMENTS (KOHA)
Source of classification or shelving scheme Dewey Decimal Classification
Koha item type Khmer Books
Suppress in OPAC No
Holdings
Withdrawn status Lost status Source of classification or shelving scheme Damaged status Not for loan Collection Home library Current library Shelving location Date acquired Total Checkouts Full call number Barcode Date last seen Price effective from Koha item type
    Dewey Decimal Classification     Khmer Language Books / សៀវភៅភាសាខ្មែរ Footprints International School Library Network Toul Tom Poung Campus Footprints International School Library Network Toul Tom Poung Campus TTP Secondary Khmer Bookshelves 10/14/2025   CHA PZ7 635.96 FIS05270 10/14/2025 10/14/2025 Khmer Books